00936nac a22002291u 4500010001700000020002800017082001500045090001500060100003400075245008100109260005300190300002500243500002700268504006800295511002800363650006200391650005200453650005100505942001700556999001500573952011800588 a 2001016132 a1567204287 (alk. paper)00a658.3bDUA c6805d6805 aDuane, Michael John. 10aPolicies and practices in global human resource systems /cMichael J. Duane. aWestport, Conn. :bQuorum Books,c.2001.cc.2001. aix, 183 p. ;c25 cm. aDistributer: Al-Ahram. aIncludes bibliographical references (p. [167]-175) and indexes. aCatalogued By: Mahitab. 0aInternational business enterprisesxPersonnel management. 0aInternational business enterprisesxManagement. 0aInternational business enterprisesxEmployees. cBBk658.3DUA c6805d6805 00104070aMAINbMAINc1STd2007-12-06ePurchasel2m1o658.3DUAp000007858r2025-07-15 00:00:00s2011-01-02yBB